Sports Quiz

Random Sports or Baseball Quiz

Number Retired By Two Teams (MLB) Quiz Stats

Quiz Updated Feb 23, 2016

Challenge
Share
Tweet
Embed
Score 0/12 Timer 04:00
3 Plays Today
Player or Manager % Correct
Jackie Robinson
88.1%
Frank Robinson
86.5%
Hank Aaron
69%
Reggie Jackson
54.7%
Nolan Ryan
52.8%
Casey Stengel
30.2%
Wade Boggs
30.2%
Greg Maddux
29.6%
Sparky Anderson
28.4%
Carlton Fisk
26.3%
Rod Carew
24.6%
Rollie Fingers
15.6%

You're not logged in!

Compare scores with friends on all Sporcle quizzes.
Join for Free
OR
Log In

You Might Also Like...

Show Comments

Extras

Top Quizzes Today


Score Distribution

Your Account Isn't Verified!

In order to create a playlist on Sporcle, you need to verify the email address you used during registration. Go to your Sporcle Settings to finish the process.

Report this User

Report this user for behavior that violates our Community Guidelines.

Details: